Normal view MARC view

Entry Corporate Name

Number of records used in: 1

001 - CONTROL NUMBER

  • control field: 4630

003 - CONTROL NUMBER IDENTIFIER

  • control field: OSt

005 - DATE AND TIME OF LATEST TRANSACTION

  • control field: 20150514140158.0

008 - FIXED-LENGTH DATA ELEMENTS

  • fixed length control field: 150514|| aca||aabn | a|a d

040 ## - CATALOGING SOURCE

  • Original cataloging agency: OSt
  • Transcribing agency: OSt

110 ## - HEADING--CORPORATE NAME

  • Corporate name or jurisdiction name as entry element: University of North London.

670 ## - SOURCE DATA FOUND

  • Source citation: Work cat.: (OSt)1755: Blavo, E. Q. 4626, The problems of refugees in Africa :, 1999.